Luật sửa đổi, bổ sung một số điều của luật thuế giá trị gia tăng
Luật này sửa đổi, bổ sung một số điều của Luật thuế giá trị gia tăng ngày 10 tháng 5 năm 1997.
Guardat en:
| Autor corporatiu: | |
|---|---|
| Format: | Llibre |
| Idioma: | Undetermined |
| Publicat: |
Hà Nội
Chính trị Quốc gia
2003
|
| Matèries: | |
| Etiquetes: |
Afegir etiqueta
Sense etiquetes, Sigues el primer a etiquetar aquest registre!
|
| Thư viện lưu trữ: | Trung tâm Học liệu Trường Đại học Cần Thơ |
|---|
| LEADER | 01093nam a2200229Ia 4500 | ||
|---|---|---|---|
| 001 | CTU_137039 | ||
| 008 | 210402s9999 xx 000 0 und d | ||
| 020 | |c 2000 | ||
| 082 | |a 343.59704 | ||
| 082 | |b V308 | ||
| 110 | |a Việt Nam (cộng hòa Xã hội chủ nghĩa Việt Nam) | ||
| 245 | 0 | |a Luật sửa đổi, bổ sung một số điều của luật thuế giá trị gia tăng | |
| 245 | 0 | |c Việt Nam (cộng hòa Xã hội chủ nghĩa Việt Nam). Quốc hội | |
| 260 | |a Hà Nội | ||
| 260 | |b Chính trị Quốc gia | ||
| 260 | |c 2003 | ||
| 520 | |a Luật này sửa đổi, bổ sung một số điều của Luật thuế giá trị gia tăng ngày 10 tháng 5 năm 1997. | ||
| 650 | |a Trung tâm Học liệu ĐHCT,Value-added tax,Spendings tax,Tariff | ||
| 650 | |x Luật thuế giá trị gia tăng,Law and legislation,Law and legislation,Law and legislation | ||
| 650 | |z Vietnam,Vietnam,Vietnam | ||
| 904 | |i Năm | ||
| 980 | |a Trung tâm Học liệu Trường Đại học Cần Thơ | ||